Robotics, mechatronics, and artificial intelligence : (Record no. 32566)

000 -LEADER
fixed length control field 01183cam a22003377a 4500
001 - CONTROL NUMBER
control field 12869552
003 - CONTROL NUMBER IDENTIFIER
control field OSt
005 - DATE AND TIME OF LATEST TRANSACTION
control field 20211119155043.0
008 - FIXED-LENGTH DATA ELEMENTS--GENERAL INFORMATION
fixed length control field 020725s2002 maua b 000 0 eng d
010 ## - LIBRARY OF CONGRESS CONTROL NUMBER
LC control number 2002510072
020 ## - INTERNATIONAL STANDARD BOOK NUMBER
International Standard Book Number 9780750673891
035 ## - SYSTEM CONTROL NUMBER
System control number (OCoLC)ocm48714203
038 ## - RECORD CONTENT LICENSOR
Staff Name khadija
040 ## - CATALOGING SOURCE
Original cataloging agency UUA
Transcribing agency UUA
Modifying agency DLC
042 ## - AUTHENTICATION CODE
Authentication code lccopycat
050 00 - LIBRARY OF CONGRESS CALL NUMBER
Classification number TJ163.12
Item number .B735 2002
082 00 - DEWEY DECIMAL CLASSIFICATION NUMBER
Classification number 629.8313
Edition number 21
Author Mark BRA
100 1# - MAIN ENTRY--PERSONAL NAME
Personal name Braga, Newton C.
9 (RLIN) 84660
245 10 - TITLE STATEMENT
Title Robotics, mechatronics, and artificial intelligence :
Remainder of title experimental circuit blocks for designers /
Statement of responsibility, etc. Newton C. Braga.
260 ## - PUBLICATION, DISTRIBUTION, ETC.
Place of publication, distribution, etc. Boston :
Name of publisher, distributor, etc. Newnes,
Date of publication, distribution, etc. c2002.
300 ## - PHYSICAL DESCRIPTION
Extent xix, 297 p. :
Other physical details ill. ;
Dimensions 24 cm.
563 ## - BINDING INFORMATION
Binding note PB
650 #0 - SUBJECT ADDED ENTRY--TOPICAL TERM
Topical term or geographic name entry element Mechatronics.
9 (RLIN) 84661
650 #0 - SUBJECT ADDED ENTRY--TOPICAL TERM
Topical term or geographic name entry element Robotics.
9 (RLIN) 84662
650 #0 - SUBJECT ADDED ENTRY--TOPICAL TERM
Topical term or geographic name entry element Artificial intelligence.
9 (RLIN) 84663
856 42 - ELECTRONIC LOCATION AND ACCESS
Materials specified Publisher description
Uniform Resource Identifier <a href="http://www.loc.gov/catdir/description/els031/2002510072.html">http://www.loc.gov/catdir/description/els031/2002510072.html</a>
856 41 - ELECTRONIC LOCATION AND ACCESS
Materials specified Table of contents
Uniform Resource Identifier <a href="http://www.loc.gov/catdir/toc/els031/2002510072.html">http://www.loc.gov/catdir/toc/els031/2002510072.html</a>
906 ## - LOCAL DATA ELEMENT F, LDF (RLIN)
a 7
b cbc
c copycat
d 2
e ncip
f 20
g y-gencatlg
942 ## - ADDED ENTRY ELEMENTS (KOHA)
Source of classification or shelving scheme
Koha item type Book
Holdings
Withdrawn status Lost status Source of classification or shelving scheme Damaged status Not for loan Permanent Location Current Location Shelving location Date acquired Full call number Barcode Date last seen Price effective from Koha item type
          School of Mechanical & Manufacturing Engineering (SMME) School of Mechanical & Manufacturing Engineering (SMME) General Stacks 10/02/2015 629.8313 BRA SMME-1370 03/28/2018 10/02/2015 Book
© 2023 Central Library, National University of Sciences and Technology. All Rights Reserved.